<?xml version="1.0" encoding="UTF-8"?>
<record
    xmlns:xsi="http://www.w3.org/2001/XMLSchema-instance"
    xsi:schemaLocation="http://www.loc.gov/MARC21/slim http://www.loc.gov/standards/marcxml/schema/MARC21slim.xsd"
    xmlns="http://www.loc.gov/MARC21/slim">

  <leader>02161nam a2200361 a 4500</leader>
  <controlfield tag="005">20180803165400.0</controlfield>
  <controlfield tag="008">140129b2007    ck ||||| |||| 00| 0 spa d</controlfield>
  <datafield tag="040" ind1=" " ind2=" ">
    <subfield code="c">CO-BoIH</subfield>
  </datafield>
  <datafield tag="041" ind1=" " ind2=" ">
    <subfield code="a">spa</subfield>
  </datafield>
  <datafield tag="044" ind1=" " ind2=" ">
    <subfield code="a">ck</subfield>
  </datafield>
  <datafield tag="090" ind1=" " ind2=" ">
    <subfield code="a">IAVH</subfield>
    <subfield code="b">01054</subfield>
  </datafield>
  <datafield tag="100" ind1=" " ind2=" ">
    <subfield code="a">Cordoba, Sergio</subfield>
    <subfield code="9">4511</subfield>
  </datafield>
  <datafield tag="245" ind1=" " ind2=" ">
    <subfield code="a">Caracterizaci&#xF3;n de la biodiversidad de dos &#xE1;reas del borde del Parque Municipal Campo Alegre, Risaralda</subfield>
  </datafield>
  <datafield tag="260" ind1=" " ind2=" ">
    <subfield code="a">Bogot&#xE1;</subfield>
    <subfield code="b">Instituto Alexander von Humboldt</subfield>
    <subfield code="c">2007</subfield>
  </datafield>
  <datafield tag="300" ind1=" " ind2=" ">
    <subfield code="a">85 p.</subfield>
  </datafield>
  <datafield tag="520" ind1=" " ind2=" ">
    <subfield code="a">Con el objetivo de aportar al conocimiento de la diversidad biol&#xF3;gica de grupos taxon&#xF3;micos (aves, plantas e insectos), se realiz&#xF3; la caracterizaci&#xF3;n r&#xE1;pida de dos sitios del parque municipal Campoalegre, &#xE1;rea protegida perteneciente al sistema de &#xE1;reas protegidas del departamento de Risaralda, localizada en la vertiente occidentarl de la cordillera central, municipio de Santa Rosa de Cabal. Los resultados de esta caracterizaci&#xF3;n se exponen en siete cap&#xED;tulos: el primero expone aspectos del contexto de la importancia de la biodiversidad en regi&#xF3;n de los Andes y su problem&#xE1;tica asociada a la conservaci&#xF3;n y uso; el cap&#xED;tulo 2 realiza una breve rese&#xF1;a del &#xE1;rea de estudio; el cap&#xED;tulo 3 presenta el contexto f&#xED;sico y los resultados de las observaciones de campo de los  lugares muestreados. De los cap&#xED;tulo 4 al 7 se presentan los resultados de los inventarios de aves, plantas (le&#xF1;osas y Rubiaceae y Melostamataceae) en cada sitio de muestreo. El &#xFA;ltimo cap&#xED;tulo expone las conclusiones y recomendaciones.</subfield>
  </datafield>
  <datafield tag="650" ind1=" " ind2=" ">
    <subfield code="a">Inventarios</subfield>
    <subfield code="9">92201</subfield>
  </datafield>
  <datafield tag="650" ind1=" " ind2=" ">
    <subfield code="a">Caracterizacion de biodiversidad</subfield>
    <subfield code="9">5660</subfield>
  </datafield>
  <datafield tag="650" ind1=" " ind2=" ">
    <subfield code="a">Aves</subfield>
    <subfield code="9">92429</subfield>
  </datafield>
  <datafield tag="650" ind1=" " ind2=" ">
    <subfield code="a">Plantas</subfield>
    <subfield code="9">92294</subfield>
  </datafield>
  <datafield tag="650" ind1=" " ind2=" ">
    <subfield code="a">Insectos</subfield>
    <subfield code="9">30657</subfield>
  </datafield>
  <datafield tag="650" ind1=" " ind2=" ">
    <subfield code="a">Escarabajos copr&#xF3;fagos</subfield>
    <subfield code="9">4177</subfield>
  </datafield>
  <datafield tag="650" ind1=" " ind2=" ">
    <subfield code="a">Hormigas</subfield>
    <subfield code="9">92499</subfield>
  </datafield>
  <datafield tag="650" ind1=" " ind2=" ">
    <subfield code="a">Mariposas</subfield>
    <subfield code="9">30659</subfield>
  </datafield>
  <datafield tag="662" ind1=" " ind2=" ">
    <subfield code="a">Colombia</subfield>
    <subfield code="c">Parque Municipal Natural Campoalegre</subfield>
    <subfield code="b">Risaralda</subfield>
  </datafield>
  <datafield tag="700" ind1=" " ind2=" ">
    <subfield code="a">Echeverry, Mar&#xED;a Angela</subfield>
    <subfield code="9">5661</subfield>
  </datafield>
  <datafield tag="700" ind1=" " ind2=" ">
    <subfield code="a">Ospina, M&#xF3;nica</subfield>
    <subfield code="9">422</subfield>
  </datafield>
  <datafield tag="700" ind1=" " ind2=" ">
    <subfield code="a">Prieto,  Adriana</subfield>
    <subfield code="9">5664</subfield>
  </datafield>
  <datafield tag="700" ind1=" " ind2=" ">
    <subfield code="a">Su&#xE1;rez, Stella</subfield>
    <subfield code="9">5829</subfield>
  </datafield>
  <datafield tag="700" ind1=" " ind2=" ">
    <subfield code="a">Uma&#xF1;a, Ana Mar&#xED;a</subfield>
    <subfield code="9">4536</subfield>
  </datafield>
  <datafield tag="700" ind1=" " ind2=" ">
    <subfield code="a">Villarreal , Hector</subfield>
    <subfield code="9">4790</subfield>
  </datafield>
  <datafield tag="942" ind1=" " ind2=" ">
    <subfield code="c">INFORME</subfield>
    <subfield code="2">z</subfield>
    <subfield code="0">1</subfield>
  </datafield>
  <datafield tag="999" ind1=" " ind2=" ">
    <subfield code="c">6533</subfield>
    <subfield code="d">6533</subfield>
  </datafield>
  <datafield tag="952" ind1=" " ind2=" ">
    <subfield code="0">0</subfield>
    <subfield code="1">0</subfield>
    <subfield code="2">z</subfield>
    <subfield code="4">0</subfield>
    <subfield code="7">0</subfield>
    <subfield code="8">HUMBOLDT</subfield>
    <subfield code="I">INV2017</subfield>
    <subfield code="a">Bogota</subfield>
    <subfield code="b">Bogota</subfield>
    <subfield code="d">2008-09-03</subfield>
    <subfield code="l">1</subfield>
    <subfield code="o">IAVH-01054</subfield>
    <subfield code="p">026351</subfield>
    <subfield code="r">2024-08-09 00:00:00</subfield>
    <subfield code="s">2017-11-23</subfield>
    <subfield code="t">Ej. 1</subfield>
    <subfield code="w">2012-12-04</subfield>
    <subfield code="x">Dep&#xF3;sito Institucional</subfield>
    <subfield code="y">INFORME</subfield>
  </datafield>
</record>
